Marī qabīlah : (Record no. 331132)

000 -LEADER
fixed length control field 01604cam a2200349 a 4500
001 - CONTROL NUMBER
control field 17304545
003 - CONTROL NUMBER IDENTIFIER
control field NUST
005 - DATE AND TIME OF LATEST TRANSACTION
control field 20170918115804.0
008 - FIXED-LENGTH DATA ELEMENTS--GENERAL INFORMATION
fixed length control field 120518s2012 pk 000 0durd
010 ## - LIBRARY OF CONGRESS CONTROL NUMBER
LC control number 2011326280
020 ## - INTERNATIONAL STANDARD BOOK NUMBER
International Standard Book Number 9789695622087
025 ## - OVERSEAS ACQUISITION NUMBER
Overseas acquisition number P-U-2011326280; 21
037 ## - SOURCE OF ACQUISITION
Source of stock number/acquisition Library of Congress -- Islamabad Overseas Office
Terms of availability Rs 400
040 ## - CATALOGING SOURCE
Original cataloging agency DLC
Transcribing agency DLC
Modifying agency DLC
042 ## - AUTHENTICATION CODE
Authentication code lcode
-- pcc
043 ## - GEOGRAPHIC AREA CODE
Geographic area code a-pk---
050 00 - LIBRARY OF CONGRESS CALL NUMBER
Classification number DS380.M37
Item number A93 2012
066 ## - CHARACTER SETS PRESENT
Alternate G0 or G1 character set (3
-- (4
082 ## - DEWEY DECIMAL CLASSIFICATION NUMBER
Classification number 909.0491598
Author Mark AZA
100 1# - MAIN ENTRY--PERSONAL NAME
Linkage 880-01
Personal name Aʻẓam, Kāmrān,
Dates associated with a name 1976-
9 (RLIN) 4623
245 10 - TITLE STATEMENT
Linkage 880-02
Title Marī qabīlah :
Remainder of title tārīk̲h̲ va tahz̲īb ke tanāẓur men̲ /
Statement of responsibility, etc. mūʼallif, Kāmrān Aʻẓam Sohdravī.
260 ## - PUBLICATION, DISTRIBUTION, ETC.
Linkage 880-03
Place of publication, distribution, etc. Lāhore :
Name of publisher, distributor, etc. Fikshan Hāʼūs,
Date of publication, distribution, etc. 2012.
300 ## - PHYSICAL DESCRIPTION
Extent 367 p. ;
Dimensions 22 cm.
520 ## - SUMMARY, ETC.
Summary, etc. Historical study of Marri people living in Balochistān and some parts of Sindh, Pakistan; include their social life and customs.
546 ## - LANGUAGE NOTE
Language note In Urdu.
650 #0 - SUBJECT ADDED ENTRY--TOPICAL TERM
Topical term or geographic name entry element Marri (Pakistani people)
General subdivision History.
9 (RLIN) 4624
650 #0 - SUBJECT ADDED ENTRY--TOPICAL TERM
Topical term or geographic name entry element Marri (Pakistani people)
General subdivision Social life and customs.
9 (RLIN) 4625
880 1# - ALTERNATE GRAPHIC REPRESENTATION
Linkage 100-01/(3/r‏
Title ‏اعظم، کامران،‏
d ‏1976-
880 10 - ALTERNATE GRAPHIC REPRESENTATION
Linkage 245-02/(3/r‏
Title ‏مرى قبيله :‏
b ‏تاريخ و تهذيب کے تناظر ميں /‏
c ‏مؤلّف، کامران اعظم سوهدروى.
880 ## - ALTERNATE GRAPHIC REPRESENTATION
Linkage 260-03/(3/r‏
Title ‏لاهور :‏
b ‏فکشن هاؤس،‏
c ‏‫2012‬.
906 ## - LOCAL DATA ELEMENT F, LDF (RLIN)
a 7
b cbc
c origode
d 3
e ncip
f 20
g y-nonroman
942 ## - ADDED ENTRY ELEMENTS (KOHA)
Source of classification or shelving scheme
Koha item type Book
Holdings
Withdrawn status Lost status Source of classification or shelving scheme Damaged status Not for loan Collection code Permanent Location Current Location Shelving location Date acquired Total Checkouts Full call number Barcode Date last seen Copy number Price effective from Koha item type
            Central Library (CL) Central Library (CL) Book Cart 09/18/2017   909.0491598 AZA CL2877 09/18/2017 1 09/18/2017 Book
© 2023 Central Library, National University of Sciences and Technology. All Rights Reserved.